[Event "Madurai Athens of the East op-B U1600"]
[Site "Madurai"]
[Date "2023.12.27"]
[Round "3"]
[White "Bala, Ganeshan"]
[Black "Vivaan, Sachdev"]
[Result "1-0"]
[WhiteElo "1307"]
[BlackElo "1507"]
[PlyCount "124"]
[EventDate "2023.12.27"]
[EventType "swiss"]
[EventRounds "9"]
[EventCountry "IND"]
[SourceTitle "CB02_2024"]
[SourceDate "2024.01.10"]
[SourceVersion "1"]
[SourceVersionDate "2024.01.10"]
[SourceQuality "1"]

1. e4 e6 2. d4 d5 3. Bd3 dxe4 4. Bxe4 Nf6 5. Bd3 c5 6. Nf3 Nc6 7. c3 cxd4 8. cxd4 Be7 9. 0-0 0-0 10. a3 h6 11. Nc3 b6 12. Be3 Bb7 13. Rc1 Rc8 14. h3 Bd6 15. Bb1 Bb8 16. Qe2 Ne7 17. Rfd1 Nfd5 18. Ne5 Nxc3 19. bxc3 Qd5 20. f4 Nf5 21. c4 Qd8 22. Bxf5 exf5 23. d5 Qe7 24. Qd3 Bd6 25. Re1 b5 26. c5 Bxc5 27. Bxc5 Rxc5 28. d6 Qh4 29. Nf3 Bxf3 30. Qxf3 Rd8 31. Rcd1 Kh7 32. Qe3 Rc6 33. Qe7 Qf6 34. Qxf6 gxf6 35. d7 Rc7 36. Re7 Kg7 37. Rd5 a6 38. Rd6 Kf8 39. Re3 Rcxd7 40. Rxf6 Rd6 41. Rxf5 Rd3 42. Rfe5 Rxe3 43. Rxe3 Re8 44. Rd3 Re4 45. g3 Ke7 46. Kf2 Ke6 47. Kf3 Ra4 48. Kg4 a5 49. Kh5 b4 50. axb4 axb4 51. Rd4 Ra5+ 52. Kxh6 Rb5 53. g4 b3 54. Rd1 b2 55. Rb1 Kd5 56. Kg7 Ke4 57. f5 Rb7 58. f6 Kf4 59. Kg8 Kg5 60. Kg7 Kh4 61. Kh6 Rb6 62. g5 Kxh3 1-0

[Event "IND-ch U19"]
[Site "Ahmedabad"]
[Date "2023.09.20"]
[Round "1"]
[White "Dhyey, Agarwal"]
[Black "Vivaan, Sachdev"]
[Result "1-0"]
[WhiteElo "2178"]
[BlackElo "1487"]
[PlyCount "59"]
[EventDate "2023.09.20"]
[EventType "swiss"]
[EventRounds "11"]
[EventCountry "IND"]
[SourceTitle "EXT 2024"]
[Source "ChessBase"]
[SourceDate "2023.10.10"]
[SourceVersion "1"]
[SourceVersionDate "2023.10.10"]
[SourceQuality "1"]

1. c4 e5 2. Nc3 Bb4 3. g3 Bxc3 4. dxc3 d6 5. e4 Ne7 6. Bg2 Be6 7. b3 Nbc6 8. Ne2 f6 9. 0-0 Qd7 10. f4 h5 11. f5 Bf7 12. Be3 0-0-0 13. Qc1 Rdg8 14. Qa3 Kb8 15. Rad1 Qe8 16. c5 dxc5 17. Bxc5 g6 18. c4 gxf5 19. Nc3 Nc8 20. exf5 h4 21. Ne4 Rh6 22. Be3 Rgh8 23. Nc5 hxg3 24. Nd7+ Ka8 25. Bxh6 Rxh6 26. Bxc6 gxh2+ 27. Kh1 bxc6 28. Qa6 Nb6 29. Nc5 Qb8 30. Rd8 1-0

[Event "Bhubaneswar op-A 14th"]
[Site "Bhubaneswar"]
[Date "2023.06.17"]
[Round "9"]
[White "Borate, Suraj"]
[Black "Vivaan, Sachdev"]
[Result "0-1"]
[WhiteElo "1673"]
[BlackElo "1519"]
[PlyCount "106"]
[EventDate "2023.06.11"]
[EventType "swiss"]
[EventRounds "10"]
[EventCountry "IND"]
[SourceTitle "CBM 214 Extra"]
[Source "ChessBase"]
[SourceDate "2023.07.31"]
[SourceVersion "1"]
[SourceVersionDate "2023.07.31"]
[SourceQuality "1"]

1. e4 e6 2. d4 d5 3. Nd2 Nf6 4. e5 Nfd7 5. f4 c5 6. c3 Nc6 7. Ndf3 cxd4 8. cxd4 a5 9. Bd3 a4 10. Ne2 a3 11. bxa3 Bxa3 12. Bxa3 Rxa3 13. 0-0 0-0 14. Rc1 Qa5 15. Nc3 h6 16. Nb5 Rxa2 17. Bb1 Rb2 18. Qd3 g6 19. Nd6 Ne7 20. Nh4 Qd2 21. Qxd2 Rxd2 22. Nf3 Rb2 23. Rc7 Rd8 24. Rfc1 Kg7 25. Bd3 b5 26. Nxc8 Nxc8 27. Rxc8 Rxc8 28. Rxc8 Nb6 29. Rc2 Rb1+ 30. Kf2 Rb3 31. Ke2 Na4 32. Nd2 Nc3+ 33. Kf1 Ra3 34. Rb2 Ra4 35. Nf3 Ra1+ 36. Ne1 Rd1 37. Rb3 Rc1 38. Bxb5 Ne4 39. Rb2 Nc3 40. Be8 Kf8 41. Rb8 Ra1 42. g3 h5 43. Ba4+ Kg7 44. Bc2 Ra5 45. Rb4 Ra7 46. Kf2 Rc7 47. Ke3 Na2 48. Rb3 Rc4 49. Ra3 Nb4 50. Bd3 Rc7 51. Ra4 Nc6 52. Nc2 Ne7 53. Ra5 Ng8 0-1